000
00367nam a2200157Ia 4500
008
151213s9999 xx 000 0 und d
100
_a
J. A.Pearce
245
_a
Strategic Management
_c
J. A.Pearce
250
_a
4th
260
_a
Boston
_b
Irwin
_c
1991
300
_a
2720 p.
650
_a
Management
650
_a
Management
700
_a
J. A.Pearce
999
_c
1831
_d
1831